Podnikateľský plán ako podklad získania finančných prostriedkov podniku diplomová práca

Saved in:
Bibliographic Details
Main Author: Bielik, Pavol
Corporate Author: Fakulta podnikového manažmentu EU. Katedra podnikovohospodárska
Other Authors: Čunderlík, Dušan
Format: Book
Language:Slovak
Published: Bratislava 2009
Tags: Add Tag
No Tags, Be the first to tag this record!

MARC

LEADER 00000nam$a2200000$$$4500
001 0101621
005 20240319130219.5
041 0 |a slo 
044 |a SK 
245 1 0 |a Podnikateľský plán ako podklad získania finančných prostriedkov podniku  |b diplomová práca  |c Pavol Bielik ; škol. Dušan Čunderlík 
264 1 |a Bratislava  |c 2009 
300 |a 83 s. 
100 1 |a Bielik, Pavol 
700 1 |a Čunderlík, Dušan 
710 2 |a Fakulta podnikového manažmentu EU. Katedra podnikovohospodárska